Central Library OPAC University of Rajshahi

Oceans, coasts, and law : (Record no. 400)

MARC details
000 -LEADER
fixed length control field 01130cam a2200289 i 4500
001 - CONTROL NUMBER
control field 400
003 - CONTROL NUMBER IDENTIFIER
rucl marc code BD-RjUL
005 - DATE AND TIME OF LATEST TRANSACTION
control field 20211208233154.0
008 - FIXED-LENGTH DATA ELEMENTS--GENERAL INFORMATION
fixed length control field 760730s1976 nyu b 000 0 eng
020 ## - INTERNATIONAL STANDARD BOOK NUMBER
International Standard Book Number 0379005867
035 ## - SYSTEM CONTROL NUMBER
System control number (BD-RjUL)417
040 ## - CATALOGING SOURCE
Original cataloging agency DLC
Transcribing agency DLC
Modifying agency DLC
-- BD-RjUL
Language of cataloging eng
041 ## - LANGUAGE CODE
Language code of text/sound track or separate title eng
082 00 - DEWEY DECIMAL CLASSIFICATION NUMBER
Classification number 016.341448
Edition number 23
Author mark and year VOO 1976
100 1# - MAIN ENTRY--PERSONAL NAME
Personal name Von Pfeil, Helena P.
9 (RLIN) 1254
245 10 - TITLE STATEMENT
Title Oceans, coasts, and law :
Remainder of title Holdings of eighteen libraries with Union list, plus selected additional books, papers, foreign, and U.S. articles categorized by topic /
Statement of responsibility, etc. by Helena P. von Pfeil ; foreword by Myron Nordquist ; pref. by H. Gary Knight.
260 ## - PUBLICATION, DISTRIBUTION, ETC. (IMPRINT)
Place of publication, distribution, etc. Dobbs Ferry, N.Y. :
Name of publisher, distributor, etc. Oceana Publications,
Date of publication, distribution, etc. 1976.
300 ## - PHYSICAL DESCRIPTION
Pagination V ;
Size 26 cm.
505 0# - FORMATTED CONTENTS NOTE
Formatted contents note Vol. 1, Holdings of eighteen libraries.--
650 #0 - SUBJECT ADDED ENTRY--TOPICAL TERM
Topical term or geographic name as entry element Law of the sea
General subdivision Bibliography.
9 (RLIN) 1255
Topical term or geographic name as entry element Territorial waters
General subdivision Bibliography.
9 (RLIN) 1256
Topical term or geographic name as entry element Maritime law
Geographic subdivision United States
General subdivision Bibliography.
9 (RLIN) 1257
700 ## - ADDED ENTRY--PERSONAL NAME
Personal name Nordquist, Myron, foreworder
Personal name Knight, H. Gary, prefacer
942 ## - ADDED ENTRY ELEMENTS (KOHA)
Source of classification or shelving scheme Dewey Decimal Classification
Koha item type Reference
Holdings
Lost status Source of classification or shelving scheme Damaged status Not for loan Collection code Permanent Location Current Location Shelving location Date acquired Source of acquisition Cost, normal purchase price Total Checkouts Full call number Date last seen Copy number Koha item type
  Dewey Decimal Classification   Not For Loan Reference Central Library, University of Rajshahi Central Library, University of Rajshahi   11/05/1985 TULIP 36.75   R 016.341448 VOO V-1 1976 18/11/2013 C-1 Reference